Statistics for Top 10 European Countries With Most Immigration

Click here to take the quiz!

General Stats

  • This quiz has been taken 3,289 times
  • The average score is 9 of 10

Answer Stats

PopulationCountry% Correct
7,784,000 France
99%
12,006,000 Germany
99%
8,543,000 United Kingdom
99%
5,789,000 Italy
98%
5,853,000 Spain
98%
11,643,000 Russia
95%
1,640,000 Sweden
93%
1,979,000 Netherlands
86%
2,439,000 Switzerland
75%
4,835,000 Ukraine
74%

Score Distribution

Percentile by Number Answered

Percent of People with Each Score

Your Score History

You have not taken this quiz